Countries that start with B - Statistics

General Stats
  • This quiz has been taken 25 times
  • The average score is 10 of 17
Answer Stats
Hinta Answer % Correct
a Bahamas
86%
a Barbados
82%
aa Belize
82%
a Belguim
77%
a Benin
77%
a Bolivia
77%
a Brunei
77%
a Bulgaria
77%
a Botswana
68%
Burundi
68%
a Brazil
64%
a Bahrain
59%
a Belarus
59%
a Bangledesh
27%
a Burma
18%
a Bosnia Herzegovinia
5%
a Burkinia Faso
5%
No matching quizzes found
Score Distribution
Percent of People with Each Score
Percentile by Number Answered
Your Score History
You have not taken this quiz